| 000 | 00495nam a2200169 4500 | ||
|---|---|---|---|
| 001 | 133183 | ||
| 003 | ES-MaACL | ||
| 005 | 20230906194337.0 | ||
| 007 | t| | ||
| 008 | 070214s1962 sp r ||||1| spa d | ||
| 100 | 1 |
_aRosso, Renzo. _999906 |
|
| 245 | 1 | 3 |
_aEl señuelo y otros relatos / _cRenzo Rosso ; traducción de Miguel Barceló. |
| 260 |
_aBarcelona : _bSeix Barral, _c1962. |
||
| 300 |
_a219 p. ; _c18 cm. |
||
| 700 | 1 |
_aBarceló, Miguel. _925508 |
|
| 852 |
_aES-MaACL _jC-21723 _bR.49654 |
||
| 999 |
_c133183 _d133183 |
||